000 00700nam a2200241Ia 4500
003 OSt
005 20220926010524.0
006 a|||||r|||| 00| 0
007 ta
008 220923b |||||||| |||| 00| 0 eng d
037 _cGeneral Book
040 _aRTL
_cRTL
_beng
041 _2eng
_aeng
082 _aU212.252C.N8, M6
100 _aShah S L
_9312480
245 0 _aPlanning and management of natural and human resou
260 _a New Delhi
_bYatan Publications India
_c1986
300 _ax,259p. Bib chapterwise
_ccm.
490 _aYatan Mongraphs .2
650 _aGeomorphology
942 _hU212.252C.N8, M6
_cGB
_2CC
999 _c617508
_d617508